[Event "AUTO-OPEN-2018"]
[Site "http://www.queenalice.com/game.php?id=794075"]
[Date "2010.6.23"]
[Round "1"]
[White "BigRezi"]
[Black "Pankiller"]
[Result "0-1"]
[WhiteElo "1216"]
[BlackElo "1742"]

1. e4 e5 2. Nf3 Nf6 3. Nc3 Bb4 4. Nxe5 Bxc3 5. bxc3 d6 6. Nf3 O-O 7. d3 Nc6 8.
Be2 Re8 9. O-O b6 10. Bg5 Bb7 11. Qd2 h6 12. Bh4 Ne5 13. Nxe5 dxe5 14. f4 Qd6
15. fxe5 Qxe5 16. Bg3 Qe6 17. c4 c5 18. Rae1 Rad8 19. h3 Bxe4 20. Bg4 Nxg4 21.
Rxe4 Qxe4 22. dxe4 Rxd2 23. hxg4 Rxe4 24. Rf2 Rxf2 25. Bxf2 Rxg4 26. g3 Rxc4 0-1

[Event "AUTO-OPEN-2018"]
[Site "http://www.queenalice.com/game.php?id=794076"]
[Date "2010.6.23"]
[Round "1"]
[White "Pankiller"]
[Black "BigRezi"]
[Result "1-0"]
[WhiteElo "1744"]
[BlackElo "1294"]

1. e4 c5 2. Nf3 d6 3. Bc4 Nc6 4. O-O g6 5. d3 Bg7 6. Be3 Nf6 7. Nc3 O-O 8. Re1
Bg4 9. h3 Bxf3 10. Qxf3 a6 11. a3 Ne5 12. Qd1 Nxc4 13. dxc4 Nd7 14. Qd2 e6 15.
Qxd6 Ne5 16. Qxc5 Rc8 17. Qb4 Nxc4 18. Bc5 Rxc5 19. Qxc5 Ne5 20. Rad1 Qg5 21.
Qe3 Qe7 22. f4 Nc6 23. Kh1 b5 24. Qb6 Nb8 25. e5 Qh4 26. Qe3 Nc6 27. Rd6 Rc8 28.
Ne4 a5 29. Red1 Bh6 30. Nf6+ Kg7 31. Rf1 Ne7 32. Qf3 Rxc2 33. Ne8+ Kf8 34. Nf6
Nf5 35. Qa8+ 1-0

[Event "AUTO-OPEN-2018"]
[Site "http://www.queenalice.com/game.php?id=794095"]
[Date "2010.6.23"]
[Round "1"]
[White "BALASH"]
[Black "Pankiller"]
[Result "0-1"]
[WhiteElo "1405"]
[BlackElo "1739"]

1. e4 e5 2. Nf3 Nf6 3. Nc3 Bb4 4. Bc4 O-O 5. Nxe5 Bxc3 6. bxc3 d5 7. exd5 Nxd5
8. O-O Be6 9. Bb2 Qg5 10. Nf3 Qf4 11. Ba3 Re8 12. Re1 Nc6 13. Bc5 Qxc4 14. Ba3
Na5 15. Ne5 Qf4 16. Bc5 Bf5 17. g3 Qg5 18. h4 Qf6 19. Bd4 Nc6 20. Nd7 Rxe1+ 21.
Qxe1 Qd6 22. Nc5 Na5 23. d3 b6 24. f4 bxc5 25. Be5 Qe7 26. c4 Nb4 27. Qd2 Nac6
28. a3 Nxe5 29. axb4 Nf3+ 0-1

[Event "AUTO-OPEN-2018"]
[Site "http://www.queenalice.com/game.php?id=794096"]
[Date "2010.6.23"]
[Round "1"]
[White "Pankiller"]
[Black "BALASH"]
[Result "1-0"]
[WhiteElo "1736"]
[BlackElo "1408"]

1. e4 e5 2. Nf3 Nc6 3. Bc4 h6 4. Nc3 Nf6 5. O-O Bc5 6. d3 a6 7. a3 Na5 8. b4
Nxc4 9. dxc4 Ba7 10. Nxe5 d6 11. Nf3 O-O 12. Re1 Ng4 13. Be3 Bxe3 14. fxe3 g5
15. h3 Nf6 16. Qe2 Qe7 17. Qd3 g4 18. hxg4 Bxg4 19. Nd5 Qd8 20. Qd4 Nxd5 21.
exd5 Bxf3 22. gxf3 Qg5+ 23. Kf2 Qh4+ 24. Qxh4 Kh7 25. Qe4+ Kh8 26. Rh1 f5 27.
Rxh6+ Kg7 28. Qe6 Rae8 29. Rg1# 1-0

[Event "AUTO-OPEN-2018"]
[Site "http://www.queenalice.com/game.php?id=794105"]
[Date "2010.6.23"]
[Round "1"]
[White "Hagi"]
[Black "Pankiller"]
[Result "0-1"]
[WhiteElo "1677"]
[BlackElo "1717"]

1. d4 d5 2. Nc3 e6 3. Nf3 Bd6 4. a3 Nf6 5. e3 O-O 6. Be2 Nc6 7. O-O Re8 8. Re1
e5 9. dxe5 Nxe5 10. Nxd5 Nxf3+ 11. Bxf3 Nxd5 12. Bxd5 Be6 13. Bxb7 Rb8 14. Bc6
Re7 15. Qd3 Rb6 16. Be4 g6 17. c4 c5 18. g3 Bh3 19. Bd2 Qe8 20. Ba5 Ra6 21. b4
Rxe4 22. Qd2 cxb4 23. axb4 Rxc4 24. Reb1 Qc6 25. b5 Qg2# 0-1

[Event "AUTO-OPEN-2018"]
[Site "http://www.queenalice.com/game.php?id=794106"]
[Date "2010.6.23"]
[Round "1"]
[White "Pankiller"]
[Black "Hagi"]
[Result "1-0"]
[WhiteElo "1720"]
[BlackElo "1714"]

1. e4 e5 2. Bc4 Nf6 3. d3 d5 4. Bxd5 Nxd5 5. exd5 Qxd5 6. f3 Nd7 7. Nc3 Bb4 8.
Bd2 Bxc3 9. Bxc3 O-O 10. Ne2 Nf6 11. O-O Re8 12. Bb4 a5 13. c4 Qd7 14. Bc3 b5
15. b3 bxc4 16. bxc4 a4 17. f4 Qd6 18. fxe5 Qb6+ 19. Bd4 c5 20. exf6 cxd4 21.
fxg7 Bb7 22. Nf4 Kxg7 23. Qg4+ Kh8 24. Nd5 Qg6 25. Qxg6 fxg6 26. Nc7 Re2 27. Rf2
Rxf2 28. Kxf2 Rf8+ 29. Kg1 Bc8 30. Nb5 Bf5 31. Rd1 Re8 32. Nxd4 Bg4 33. Rd2 Kg7
34. Nb5 Re2 35. Rxe2 Bxe2 36. Nc3 Bxd3 37. Nxa4 Bxc4 38. a3 h5 39. Kf2 Kf6 40.
Nc5 Ke5 41. Kg3 Kf5 42. a4 g5 43. h4 Bd5 44. hxg5 Kxg5 45. a5 h4+ 46. Kh2 Kg4
47. a6 Bc6 48. a7 Bd5 49. Nd3 Bb7 50. Nf2+ Kf4 51. Kh3 Kg5 52. Nd3 Bc6 53. Ne5
Bd5 54. Nf3+ Kh5 55. Nxh4 Be4 56. g4+ Kg5 57. Kg3 Bd5 58. Nf3+ Kg6 59. Kf4 Kf6
60. g5+ Kg6 61. Nh4+ Kh5 62. Nf5 Bc6 63. Ne7 Bb7 64. Kf5 Ba8 65. Kf6 Be4 66. g6
Kh6 67. g7 Bh7 68. a8=Q 1-0

[Event "Challenge"]
[Site "http://www.queenalice.com/game.php?id=794171"]
[Date "2010.6.23"]
[Round "-"]
[White "agjjr"]
[Black "Pankiller"]
[Result "1/2-1/2"]
[WhiteElo "1461"]
[BlackElo "1731"]

1. e4 e5 2. Nf3 d6 3. g3 Nf6 4. d3 Nc6 5. Bg2 Be7 6. Bd2 O-O 7. h3 d5 8. exd5
Nxd5 9. Nc3 Be6 10. Qe2 Bf6 11. Ne4 Nd4 12. Nxd4 exd4 13. O-O-O c6 14. Nc5 Bc8
15. Be4 b6 16. Nb3 Qd6 17. f4 Rb8 18. g4 Nxf4 19. Bxh7+ Kh8 20. Qe4 Be5 21. Bf5
g6 22. Bxc8 Rbxc8 23. Rdf1 Ne6 24. h4 Kg7 25. h5 Rh8 26. h6+ Kf8 27. h7 Ke8 28.
Qf3 Rc7 29. Rf2 Qd7 30. g5 Qd5 31. Qxd5 cxd5 32. Kb1 Nc5 33. Re2 Re7 34. Rhe1
Bd6 35. Rxe7+ Bxe7 36. Nxd4 Rxh7 37. Nc6 Ne6 38. Nxa7 Rh2 39. Be3 Bc5 40. Bxc5
bxc5 41. a4 Kd7 42. Nb5 Nxg5 43. c3 Nf3 44. Re3 Nd2+ 45. Ka2 c4 46. a5 Kc6 47.
Nd4+ Kb7 48. Nf3 Nxf3 49. Rxf3 f5 50. dxc4 dxc4 51. Rf4 Ka6 52. Rxc4 Kxa5 53.
Ka3 Kb5 54. Rd4 Rg2 55. b3 Rg4 56. c4+ Kc5 57. Rd5+ Kc6 58. Kb2 f4 59. Rd4 Kc5
60. Rd5+ 1/2-1/2